| 000 | 00857nam a22002537a 4500 | ||
|---|---|---|---|
| 001 | 47901 | ||
| 003 | BD-RjUL | ||
| 005 | 20211209054423.0 | ||
| 008 | 160810s ii ||||| |||| 00| 0 ben d | ||
| 020 | _c5.00 | ||
| 035 | _a(BD-RjUL)48020 | ||
| 040 |
_aBD-RjUL _bben _cBD-RjUL |
||
| 041 | _aben | ||
| 082 |
_223 _a891.44092 _bBID 1954 |
||
| 245 | 0 | _aবিদ্যাপতি-শতক / | |
| 260 |
_aঢাকা : _bরেনেমাঁস পিন্টার্স. _c1954 |
||
| 300 |
_a৬১ পৃ.; _c২৪ সেমি. |
||
| 600 |
_aবিদ্যাপতি _xজীবনী _9145394 |
||
| 600 |
_aVidyapati _xBiography _9145395 |
||
| 650 |
_aবাংলা সাহিত্য _9145396 |
||
| 650 |
_aBengali Literature _9145397 |
||
| 700 |
_aশহীদুল্লাহ্, মোহম্মদ _9137126 |
||
| 942 |
_2ddc _cBK |
||
| 999 |
_c47901 _d47901 |
||